000 00671nam a22002177a 4500
003 OSt
005 20260305030900.0
008 260305b |||||||| |||| 00| 0 eng d
020 _a9789718343357
040 _aDWCL - Main Lib.
_cOC
082 _aCirc. 248.4 K89m 2013
100 _aKraft, Dave
245 _aMistakes leaders make /
_cDave Kraft
260 _aManila, Philippines :
_bLighthouse Inspirational Books & Gifts,
_cc2013.
300 _a120 pages ;
_c21cm.
501 _aIncludes notes.
650 _a1. Christian leadership.
650 _a2. Christian life.
650 _a3. Leadership -- Religious aspects -- Christianity.
942 _2ddc
_cBK-CIRC
_n0
999 _c8635
_d8635